CBRE reports strong capital growth (Record no. 118189)
[ view plain ]
| 000 -LEADER | |
|---|---|
| fixed length control field | 01329cam a2200229 4500 |
| 001 - CONTROL NUMBER | |
| control field | WB@3612-180 |
| 008 - FIXED-LENGTH DATA ELEMENTS--GENERAL INFORMATION | |
| fixed length control field | 041019n2004 000 0 eng u |
| 035 ## - SYSTEM CONTROL NUMBER | |
| System control number | (Sirsi) u127758 |
| 245 ## - TITLE STATEMENT | |
| Title | CBRE reports strong capital growth |
| 260 ## - PUBLICATION, DISTRIBUTION, ETC. | |
| Date of publication, distribution, etc. | 2004 |
| 490 ## - SERIES STATEMENT | |
| Series statement | CB Richard Ellis News Release |
| Volume/sequential designation | September 2004 (4) |
| 520 ## - SUMMARY, ETC. | |
| Summary, etc. | According to the latest "CBRE UK monthly index: September 2004" capital growth is still strong but rents faltered with no August growth witnessed in High Street shops, offices and industrials. Despite the weakest all property monthly rental growth in four months, annual all property rental growth improved to 1.3% in August 2004 - its strongest annual rate since February 2002. Retail continues to benefit from the strongest positive yield movements driving capital growth of 9.7% in the year to August. The gradual improvement in all offices rental growth stalled in August and year to date rental growth now stands at 0.9% against 5.2% for capital growth. For further details on the report go to the website. http://www.cbre.com/default.htm |
| 590 ## - LOCAL NOTE (RLIN) | |
| Local note | WB |
| 590 ## - LOCAL NOTE (RLIN) | |
| Local note | WB |
| 650 ## - SUBJECT ADDED ENTRY--TOPICAL TERM | |
| Topical term or geographic name entry element | CBRE MONTHLY INDEX |
| 650 ## - SUBJECT ADDED ENTRY--TOPICAL TERM | |
| Topical term or geographic name entry element | CAPITAL VALUES |
| 650 ## - SUBJECT ADDED ENTRY--TOPICAL TERM | |
| Topical term or geographic name entry element | CAPITAL GROWTH |
| 650 ## - SUBJECT ADDED ENTRY--TOPICAL TERM | |
| Topical term or geographic name entry element | PROPERTY PERFORMANCE |
| 650 ## - SUBJECT ADDED ENTRY--TOPICAL TERM | |
| Topical term or geographic name entry element | RETAIL PROPERTY |
| 690 ## - LOCAL SUBJECT ADDED ENTRY--TOPICAL TERM (OCLC, RLIN) | |
| Topical term or geographic name as entry element | COMMERCIAL PROPERTY-MARKET |
| 942 ## - ADDED ENTRY ELEMENTS (KOHA) | |
| Suppress in OPAC | 0 |
| Withdrawn status | Lost status | Source of classification or shelving scheme | Damaged status | Not for loan | Home library | Current library | Shelving location | Date acquired | Total Checkouts | Full call number | Barcode | Date last seen | Copy number | Price effective from | Koha item type |
|---|---|---|---|---|---|---|---|---|---|---|---|---|---|---|---|
| Dewey Decimal Classification | London | London | News article | 19/10/2004 | WB4040-04 | 127758-1001 | 06/08/2019 | 1 | 06/08/2019 | News article |